| 000 | 00569nam a22001937a 4500 | ||
|---|---|---|---|
| 999 |
_c168262 _d168262 |
||
| 005 | 20191023142239.0 | ||
| 010 | _aB-730468 | ||
| 020 |
_a9789387230200 _c199.00 |
||
| 035 | _aB-730468 | ||
| 037 |
_aDPL _bPancy |
||
| 082 | _aN | ||
| 100 | _aDhawan, Nidhi | ||
| 245 |
_aYonder: how far must I run ! / _bby Nidhi Dhawan |
||
| 260 |
_aNew Delhi _bPigeon Books India _c2019 |
||
| 270 |
_a16, Ansari Road,Daryaganj, _bNew Delhi _e110002 |
||
| 300 |
_a199p. _b20cm.(pbk) |
||
| 942 |
_2ddc _cCH _hN _mDHA |
||